| 000 | 00970nam a2200241Ia 4500 | ||
|---|---|---|---|
| 003 | OSt | ||
| 005 | 20240228152600.0 | ||
| 008 | 191128s1988 ck gr 000 0 spa d | ||
| 020 | _a9682301009 | ||
| 037 | _3Donación | ||
| 040 |
_aCO-JMCR _cCO-JMCR _dCO-JMCR _erda |
||
| 041 | 0 | _aspa | |
| 082 | 0 | 4 |
_a301.298 _bG15v _223 |
| 100 | 1 |
_aGaleano, Eduardo _eautor _910313 |
|
| 245 | 1 | 4 |
_aLas Venas abiertas de América Látina / _cEduardo Galeano |
| 250 | _aQuincuagésima segunda | ||
| 260 |
_aBogotá : _bSiglo veintiuno, _c1988 |
||
| 300 |
_a486 páginas ; _c17 cm. |
||
| 505 | 0 | _aCiento veinte millones de niños en el centro de la tormenta -- Fiebre del oro, fiebre de la plata -- El rey azúcar y otros monarcas agrícolas -- Las fuentes subterráneas del poder -- El desarrollo de un viaje con más náufragos que navegantes | |
| 650 | 1 | 4 |
_aCondiciones sociales _zAmérica Latina _910314 |
| 650 | 1 | 4 |
_aHistoria económica _zAmérica Latina _910315 |
| 942 |
_2ddc _cBK |
||
| 999 |
_c4477 _d4477 |
||